Online
Catalog

La gobernadora de las islas / (Record no. 4522)

MARC details
000 -CABECERA
campo de control de longitud fija 00774nam a2200241 a 4500
001 - NÚMERO DE CONTROL
campo de control 000004716
005 - FECHA Y HORA DE LA ÚLTIMA TRANSACCIÓN
campo de control 20200929151505.0
008 - DATOS DE LONGITUD FIJA--INFORMACIÓN GENERAL
campo de control de longitud fija 811009s1980 sp 000 f spa
020 ## - NÚMERO INTERNACIONAL ESTÁNDAR DEL LIBRO
Número Internacional Estándar del Libro 8474422124
040 ## - FUENTE DE LA CATALOGACIÓN
Centro catalogador/agencia de origen DO-SdBNP
Lengua de catalogación spa
Centro/agencia transcriptor BNPHU
082 ## - NÚMERO DE LA CLASIFICACIÓN DECIMAL DEWEY
Número de clasificación 843.914
Número de documento/Ítem G139g
100 1# - ENTRADA PRINCIPAL--NOMBRE DE PERSONA
Nombre de persona Gaillard, Robert,
Fechas asociadas al nombre 1909-
9 (RLIN) 13732
240 10 - TÍTULO UNIFORME
Título uniforme Marie Galante II
Lenguaje de la obra Español
245 10 - MENCIÓN DE TÍTULO
Título La gobernadora de las islas /
Mención de responsabilidad, etc. Robert Gaillard ; traducción, Lidia Porta.
260 ## - PUBLICACIÓN, DISTRIBUCIÓN, ETC.
Lugar de publicación, distribución, etc. Barcelona :
Nombre del editor, distribuidor, etc. A.T.E.,
Fecha de publicación, distribución, etc. 1980.
300 ## - DESCRIPCIÓN FÍSICA
Dimensiones 20 cm.
490 1# - MENCIÓN DE SERIE
Mención de serie María de las Islas
Designación de volumen o secuencia vol. 4
500 ## - NOTA GENERAL
Nota general La biblioteca posee el tomo 4
534 ## - NOTA SOBRE LA VERSIÓN ORIGINAL
Encabezamiento principal del original Título original:
Mención de título del original Marie Galante II
650 #4 - PUNTO DE ACCESO ADICIONAL DE MATERIA--TÉRMINO DE MATERIA
Término de materia o nombre geográfico como elemento de entrada Novela francesa
9 (RLIN) 1075
650 #4 - PUNTO DE ACCESO ADICIONAL DE MATERIA--TÉRMINO DE MATERIA
Término de materia o nombre geográfico como elemento de entrada Literatura francesa
9 (RLIN) 1074
830 #0 - PUNTO DE ACCESO ADICIONAL DE SERIE-TÍTULO UNIFORME
Título uniforme María de las Islas
Designación de volumen o secuencia vol. 4
9 (RLIN) 13733
Holdings
Estado de retiro Estado de pérdida Restricciones de uso No para préstamo Código de colección Localización permanente Ubicación/localización actual Ubicación en estantería Fecha de adquisición Número de inventario Total de préstamos Signatura topográfica completa Código de barras Fecha visto por última vez Precio válido a partir de Tipo de ítem Koha
    Préstamo interno   Monografías: Libros y Folletos General General En catalogación 24.07.2009 LF1   843.914 G139g 4716-10 25.06.2020 25.06.2020 Préstamo interno

Powered by Koha